Statistics for Animal Crossing: All species of fish in Animal Crossing: New Leaf

Click here to take the quiz!

General Stats

  • This quiz has been taken 135 times
  • The average score is 37 of 72

Answer Stats

Answer% Correct
Sea bass
87%
Shark
84%
Black bass
82%
Carp
77%
Crucian carp
75%
Whale shark
74%
Hammerhead shark
73%
Ocean sunfish
73%
Frog
70%
Rainbow trout
70%
Eel
66%
Goldfish
66%
Seahorse
66%
Salmon
65%
Clownfish
64%
Sea butterfly
64%
Tuna
64%
Red snapper
60%
Crawfish
58%
Coelacanth
57%
Dab
57%
Koi
57%
Squid
57%
Arowana
56%
Guppy
56%
Olive flounder
56%
Blue marlin
55%
Butterfly fish
55%
Dorado
55%
Saw shark
55%
King salmon
53%
Arapaima
52%
Oarfish
51%
Horse mackerel
49%
Moray eel
49%
Surgeonfish
49%
Angelfish
48%
Catfish
48%
Stringfish
48%
Football fish
47%
Neon tetra
47%
Ray
47%
Zebra turkeyfish
47%
Napoleonfish
45%
Pop-eyed goldfish
45%
Ribbon eel
45%
Tadpole
45%
Bitterling
44%
Yellow perch
44%
Barbel steed
43%
Bluegill
43%
Barred knifejaw
42%
Cherry salmon
42%
Pale chub
42%
Gar
40%
Giant snakehead
40%
Puffer fish
40%
Soft-shelled turtle
40%
Dace
39%
Char
38%
Freshwater goby
38%
Giant trevally
38%
Piranha
38%
Blowfish
35%
Pike
35%
Killifish
34%
Loach
34%
Pond smelt
34%
Saddled bichir
30%
Sweetfish
30%
Mitten crab
29%
Nibble fish
25%

Score Distribution

Percentile by Number Answered

Percent of People with Each Score

Your Score History

You have not taken this quiz